000 00508cam a22001934a 4500
005 20250605164253.0
008 250528s ||||||||||||||||||||||||d
035 _a21814
020 _a9789603684978
040 _aGR-AtMCL
_bgre
_dGR-AtMCL
_eAACR2
245 1 _aΤΑ ΜΥΣΤΙΚΑ ΤΟΥ ΑΠΟΤΕΛΕΣΜΑΤΙΚΟΥ ΔΑΣΚΑΛΟΥ
250 _a1
260 _bΕρευνητές,
_c2011
300 _a307
700 1 _aGordon Thomas
_97729
942 _cBK
999 _c6873
_d6873